000
00295nam a22001337a 4500
008
180212b xxu||||| |||| 00| 0 eng d
020
_a
069068052-X
041
_a
eng
080
_a
37
100
_a
47
101
_a
EDU
245
_a
Focusing on language a reader
_c
Allen,H.B
942
_2
udc
_c
BK
999
_c
42301
_d
42301